Jump Between World Capitals: Closest of non bordering Country - Statistics

General Stats
  • This quiz has been taken 2,386 times
    2,378 since last reset
  • The average score is 70 of 200
Answers on the Map
Answers color-coded by a green-red scale on the quiz's map according to % correct below.
 
Answer Stats
Capital % Correct
Moscow
100%
Chișinău
71%
Sofia
69%
Pristina
66%
Sarajevo
66%
Tirana
66%
Belgrade
65%
Bratislava
64%
Zagreb
64%
Vienna
63%
Warsaw
63%
Bern
62%
Budapest
62%
Ljubljana
62%
Monaco
62%
Prague
62%
San Marino
62%
Vatican City
62%
Amsterdam
61%
Brussels
61%
Copenhagen
61%
Dublin
61%
Helsinki
61%
London
61%
Luxembourg
61%
Oslo
61%
Paris
61%
Vaduz
61%
Kyiv
60%
Riga
60%
Stockholm
60%
Tallinn
60%
Vilnius
60%
Skopje
59%
Podgorica
58%
Rome
58%
Tunis
58%
Valletta
58%
Ankara
57%
Athens
57%
Beirut
57%
Bucharest
57%
Nicosia
57%
Tripoli
57%
Amman
56%
Cairo
56%
Damascus
56%
Baghdad
55%
Jerusalem
55%
Kuwait City
55%
Yerevan
55%
Abu Dhabi
54%
Doha
54%
Manama
54%
Tbilisi
54%
Tehran
54%
Ashgabat
52%
Baku
52%
Islamabad
51%
Tashkent
51%
Bishkek
50%
Dhaka
50%
Dushanbe
50%
Kabul
50%
Kathmandu
50%
New Delhi
50%
Thimphu
49%
Vientiane
49%
Kuala Lumpur
48%
Jakarta
47%
Singapore
47%
Bandar Seri Begawan
46%
Manila
46%
Beijing
45%
Seoul
45%
Taipei
45%
Tokyo
45%
Astana
44%
Minsk
44%
Pyongyang
44%
Ulaanbaatar
44%
Algiers
43%
Andorra la Vella
43%
Berlin
43%
Madrid
43%
Nouakchott
41%
Banjul
40%
Bissau
40%
Freetown
39%
Accra
38%
Bamako
38%
Monrovia
38%
Cotonou
34%
São Tomé
33%
Kinshasa
32%
Libreville
32%
Malabo
32%
Yaoundé
32%
Lomé
31%
Porto-Novo
31%
Yamoussoukro
31%
Abuja
30%
Conakry
30%
Dakar
30%
Ouagadougou
30%
Praia
30%
Bangui
29%
Niamey
29%
Kampala
28%
Kigali
28%
Nairobi
28%
Addis Ababa
27%
Djibouti
27%
Gitega
27%
Khartoum
27%
Sana'a
27%
Asmara
26%
Juba
26%
Riyadh
26%
Antananarivo
25%
Dodoma
25%
Mogadishu
25%
Moroni
25%
Port Louis
25%
Harare
24%
Lilongwe
24%
Victoria
24%
Brazzaville
22%
Gaborone
22%
Maputo
22%
Maseru
22%
Mbabane
22%
Windhoek
22%
Luanda
21%
N'Djamena
21%
Bloemfontein
20%
Lusaka
20%
Malé
20%
Pretoria
20%
Sri Jayawardenepura Kotte
20%
Bangkok
19%
Dili
19%
Hanoi
19%
Naypyidaw
19%
Ngerulmud
18%
Honiara
17%
Port Moresby
17%
Yaren
16%
Apia
15%
Funafuti
15%
Majuro
15%
Nukuʻalofa
15%
Palikir
15%
South Tarawa
15%
Suva
15%
Canberra
14%
Havana
14%
Kingston
14%
Lisbon
14%
Muscat
14%
Nassau
14%
Ottawa
14%
Phnom Penh
14%
Port-au-Prince
14%
Port Vila
14%
Rabat
14%
Reykjavík
14%
Wellington
14%
Basseterre
12%
Castries
12%
Roseau
12%
Saint John's
12%
Bogotá
11%
Bridgetown
11%
Georgetown
11%
Kingstown
11%
Port-of-Spain
11%
Saint George's
11%
Belmopan
10%
San José
10%
San Salvador
10%
Tegucigalpa
10%
Caracas
9%
Guatemala City
9%
Managua
9%
Panama City
9%
Quito
9%
La Paz
8%
Paramaribo
8%
Santo Domingo
8%
Asuncion
7%
Brasília
7%
Montevideo
7%
Santiago
7%
Buenos Aires
6%
Cape Town
6%
Lima
6%
Mexico City
6%
Sucre
6%
Washington
6%
No matching quizzes found
Score Distribution
Percent of People with Each Score
Percentile by Number Answered
Your Score History
You have not taken this quiz since the last reset